Tus ojos /
Guardado en:
| Autor Principal: | |
|---|---|
| Otros Autores: | |
| Formato: | Libro |
| Idioma: | Undetermined |
| Publicado: |
Buenos Aires :
Calibroscopio,
2021.
|
| Edición: | 1a ed. |
| Series: | Notables
|
| Materias: | |
| Etiquetas: |
Agregar Etiqueta
Sin Etiquetas, Sea el primero en etiquetar este registro!
|
| LEADER | 00925nam a22002775a 4500 | ||
|---|---|---|---|
| 001 | CEM.cems019018 | ||
| 008 | 211104s2021####ag############000#0#und#d | ||
| 005 | 20211119114912.0 | ||
| 003 | CEMS | ||
| 245 | 1 | 0 | |a Tus ojos / |c Eduardo Abel Gimenez ; ilustrado por Cecilia Afonso Esteves. |
| 250 | |a 1a ed. | ||
| 260 | |a Buenos Aires : |b Calibroscopio, |c 2021. | ||
| 300 | |a 48 p. | ||
| 490 | 1 | |a Notables | |
| 500 | |a Edición especial para el Ministerio de Educación de la Nación Argentina. | ||
| 020 | |a 9789873967528 | ||
| 100 | 1 | |a Gimenez, Eduardo Abel. | |
| 700 | 1 | |a Afonso Esteves, Cecilia. | |
| 653 | |a Poesía | ||
| 653 | |a Poesía Argentina | ||
| 653 | |a Poesía Contemporánea | ||
| 653 | |a Literatura | ||
| 653 | |a Literatura Argentina | ||
| 653 | |a Colección Leer Abre Mundos | ||
| 859 | |a CEMS |b BIB. CEMS - Agricultura |h A861.4 |i G429 |p A3372.21 |t Ej.1 | ||
| 859 | |a CEMS |b BIB. CEMS - 11 de abril |h A861.4 |i G429 |p 29179.21 |t Ej. 1 | ||
